000 00745nam a2200193 a 4500
001 000035341
005 20200930074254.0
008 111027s1953 fr a 000 0 fre d
040 _aDO-SdBNP
_bspa
_cBNPHU
041 1 7 _afre
_heng
100 1 _aMadariaga, Salvador de,
_d1886-1978
_932386
245 1 2 _aL´essor de l´empire espagnol d´ amérique /
_cSalvador de Madariaga ; traduction de Marcelle Sibon.
260 _aParis :
_bÉditions Albin Michel,
_c1953.
300 _a490 p. :
_bil. ;
_c20 cm.
590 _aPerteneció a la biblioteca personal de Juan Isidro Jimenes Grullón.
651 0 _aAmérica Latina
_xHistoria
_yGASTA 1830
_961127
651 0 _aEspaña
_xColonias
_xAmérica Latina
_961128
700 1 _aSibon, Marcelle,
_etrad.
_961129
999 _c34832
_d34832